Get the Picture: Queen Quiz Stats

 Plays Quiz Updated Feb 21, 2019

Score 0/16 Timer 03:00
1 Play Today
Question Answer Wrong Answers
Which member of Queen was the lead vocalist? Freddie
94.5%
Roger
0.5%
Brian
0.4%
John
0.3%
Which member of Queen was born with the surname Bulsara? Freddie
89.8%
Roger
2.7%
Brian
3.7%
John
1.5%
Which member of Queen was the lead guitarist? Brian
88.4%
Freddie
3%
Roger
2.9%
John
2%
Which member of Queen was born in Zanzibar? Freddie
86.9%
Roger
4.6%
Brian
3.8%
John
1.4%
Which member of Queen has a PhD in astrophysics? Brian
83.9%
Freddie
3.5%
Roger
6.7%
John
5.9%
Which member of Queen uses a self built guitar called 'Red Special'? Brian
82.7%
Freddie
4.4%
Roger
3.5%
John
5.1%
Which member of Queen was the drummer? Roger
81%
Freddie
0.8%
Brian
3.1%
John
14.8%
Which member of Queen was the bass guitarist? John
77.2%
Freddie
1%
Roger
4.7%
Brian
15.2%
Which member of Queen joined the band last in 1971? John
71.8%
Freddie
20.2%
Roger
4.6%
Brian
2.2%
Which member of Queen has the middle name Meddows? Roger
64.7%
Freddie
4.1%
Brian
13.1%
John
14.5%
Which member of Queen has the middle name Harold? Brian
60.3%
Freddie
2.5%
Roger
23.8%
John
10.8%
Which member of Queen was portrayed by Ben Hardy in Bohemian Rhapsody? Roger
56.6%
Freddie
13.6%
Brian
16.6%
John
9.3%
Which member of Queen is the youngest? John
55.7%
Freddie
1.4%
Roger
33.8%
Brian
6%
Which member of Queen had his own band called The Cross? Roger
52.4%
Freddie
5.9%
Brian
16.3%
John
22.4%
Which member of Queen has had the most children (6)? John
41.8%
Freddie
2.9%
Roger
32.3%
Brian
19.1%
Which member of Queen is the oldest? Freddie
41.1%
Roger
7.2%
Brian
29.8%
John
21.3%

Today's Daily Dose

Missing Word
Celine Dion

Word Ladder
Dr. Seuss Books

Quick Pick
Cities in India

Get the Picture
'A' Actresses

You're not logged in!

Compare scores with friends on all Sporcle quizzes.
OR
Log In

Sporcle TV

Today on Sporcle TV


Watch our educational content, quiz creation guides, and fun videos on Sporcle TV.

Show Comments

Extras

Top Quizzes Today


Score Distribution

Your Account Isn't Verified!

In order to create a playlist on Sporcle, you need to verify the email address you used during registration. Go to your Sporcle Settings to finish the process.

Report this User

Report this user for behavior that violates our Community Guidelines.

Details: